Bio-mass for energetic: Chance or regression?

Zhrnutie historických súvislostí využívania obnoviteľných zdrojov energie v českých zemiach, zvlášť biomasy. Ekonomické posúdenie efektívnosti investícií pri využití, či prepracovaní biomasy. Uvedenie skutočnosti blízkeho vyčerpania zásob fosílnych palív a s tým súvisiaci záujem o pestovanie drevín...

Full description

Saved in:
Bibliographic Details
Main Author: Neruda, Martin
Other Authors: Farský, Miroslav
Format: Book Chapter
Language:English
Subjects:
Tags: Add Tag
No Tags, Be the first to tag this record!

MARC

LEADER 00000naa a2200000 4500
001 r047758
005 20240717104341.4
041 0 |a eng 
044 |a CZ 
245 1 0 |a Bio-mass for energetic: Chance or regression?  |c Martin Neruda, Miroslav Farský 
520 |a Zhrnutie historických súvislostí využívania obnoviteľných zdrojov energie v českých zemiach, zvlášť biomasy. Ekonomické posúdenie efektívnosti investícií pri využití, či prepracovaní biomasy. Uvedenie skutočnosti blízkeho vyčerpania zásob fosílnych palív a s tým súvisiaci záujem o pestovanie drevín a bylín pre energetické využitie. Upozornenie na možný spôsob využitia ladom ležiacej poľnohospodárskej pôdy a využitie rekultivovaných plôch po povrchovej ťažbe hnedého uhlia. 
610 2 0 |a zdroje energie prírodné 
610 2 0 |a bioenergetika 
610 2 0 |a využitie energie 
610 2 0 |a palivá 
610 2 0 |a palivá pevné 
610 2 0 |a zdroje energie obnoviteľné 
610 2 0 |a zhodnocovanie zdrojov 
610 2 0 |a investície 
610 2 0 |a efektívnosť investícií 
610 2 0 |a Česko 
100 1 |a Neruda, Martin 
700 1 |a Farský, Miroslav